[Event "Attica-ch U14 Girls 11"]
[Site "Athens"]
[Date "2010.12.26"]
[Round "3.2"]
[White "Tsivgouli, Ekaterini"]
[Black "Tsouba, Adamantia"]
[Result "0-1"]
[WhiteElo "1413"]
[BlackElo "1494"]
[PlyCount "58"]
[EventDate "2010.12.23"]
[EventType "swiss"]
[EventRounds "7"]
[EventCountry "GRE"]
[SourceTitle "EXT 2024"]
[Source "ChessBase"]
[SourceDate "2023.10.10"]
[SourceVersion "1"]
[SourceVersionDate "2023.10.10"]
[SourceQuality "1"]

1. e4 c5 2. Nf3 Nc6 3. Bc4 d6 4. Nc3 Nf6 5. d3 e6 6. Bg5 Be7 7. 0-0 a6 8. a4 Bd7 9. Qd2 h6 10. Bh4 0-0 11. Rfe1 Qc7 12. d4 cxd4 13. Nxd4 Rac8 14. Re3 Nxd4 15. Qxd4 Qxc4 16. Bxf6 Bxf6 17. Qxd6 Rfd8 18. Qa3 Qc5 19. Qb3 Bc6 20. Rae1 Rc7 21. h3 Rcd7 22. e5 Bg5 23. R3e2 Rd2 24. Rxd2 Rxd2 25. Rf1 Qxe5 26. Qa2 Be3 27. Qb1 Qg3 28. Ne4 Bxe4 29. Kh1 Qxg2# 0-1